000 00513nam a2200169 i 4500
001 55966
003 ES-MaACL
005 20230906163245.0
007 t|
008 031001s1927 sp ||||1| spa d
100 1 _aDíaz de Herrera, Gabino.
_944229
245 1 0 _aAbril
_b: poesías /
_cGabino Díaz de Herrera ; con un introito poético de Goy de Silva.
260 _aMadrid :
_b[s.n.],
_c1927 (
_fG. Hernández)
300 _a165 p. ;
_c19 cm.
700 1 _aSilva, Goy de.
_9106364
852 _aES-MaACL
_jF-3178
999 _c55966
_d55966